Bollywood Best Actors Quiz - Statistics

General Stats
  • This quiz has been taken 485 times
    331 since last reset
  • The average score is 43 of 68
Answer Stats
Year Movie Actor % Correct
2011 My Name is Khan Shah Rukh Khan
97%
2008 Chak De India Shah Rukh Khan
97%
2005 Swades Shah Rukh Khan
97%
2003 Devdas Shah Rukh Khan
97%
1999 Kuch Kuch Hota Hai Shah Rukh Khan
97%
1998 Dil To Pagal Hai Shah Rukh Khan
97%
1996 Dilwale Dulhania Le Jayenge Shah Rukh Khan
97%
1994 Baazigar Shah Rukh Khan
97%
2017 Dangal Aamir Khan
95%
2002 Lagaan Aamir Khan
95%
1997 Raja Hindustani Aamir Khan
95%
2019 Sanju Ranbir Kapoor
93%
2013 Barfi Ranbir Kapoor
93%
2012 Rockstar Ranbir Kapoor
93%
2022 83 Ranveer Singh
93%
2020 Gully Boy Ranveer Singh
93%
2016 Bajirao Mastani Ranveer Singh
93%
2010 Paa Amitabh Bachchan
84%
2006 Black Amitabh Bachchan
84%
1992 Hum Amitabh Bachchan
84%
1979 Don Amitabh Bachchan
84%
1978 Amar Akbar Anthony Amitabh Bachchan
84%
2009 Jodhaa Akbar Hrithik Roshan
84%
2007 Dhoom 2 Hrithik Roshan
84%
2004 Koi Mil Gaya Hrithik Roshan
84%
2001 Kaho Naa Pyaar Hai Hrithik Roshan
84%
1984 Masoom Naseeruddin Shah
84%
1982 Chakra Naseeruddin Shah
84%
1981 Aakrosh Naseeruddin Shah
84%
2015 Haider Shahid Kapoor
75%
2021 Angrezi Medium Irrfan Khan
74%
2018 Hindi Medium Irrfan Khan
74%
1993 Beta Anil Kapoor
66%
1989 Tezaab Anil Kapoor
66%
2014 Bhaag Milkha Bhaag Farhan Akhtar
64%
1974 Bobby Rishi Kapoor
64%
2000 Vaastav Sanjay Dutt
56%
1991 Ghayal Sunny Deol
55%
1962 Jis Desh Men Ganga Behti Hai Raj Kapoor
53%
1960 Anari Raj Kapoor
53%
1983 Shakti Dilip Kumar
48%
1968 Ram Aur Shyam Dilip Kumar
48%
1965 Leader Dilip Kumar
48%
1961 Kohinoor Dilip Kumar
48%
1958 Naya Daur Dilip Kumar
48%
1957 Devdas Dilip Kumar
48%
1956 Azaad Dilip Kumar
48%
1954 Daag Dilip Kumar
48%
2023 Badhaai Do Rajkummar Rao
46%
1975 Avishkaar Rajesh Khanna
44%
1972 Anand Rajesh Khanna
44%
1971 Sachaa Jhutha Rajesh Khanna
44%
1969 Brahmachari Shammi Kapoor
41%
1967 Guide Dev Anand
37%
1959 Kala Pani Dev Anand
37%
1990 Parinda Jackie Shroff
29%
1995 Krantiveer Nana Patekar
29%
1977 Arjun Pandit Sanjeev Kumar
28%
1976 Aandhi Sanjeev Kumar
28%
1980 Golmaal Amol Palekar
24%
1970 Aashirwad Ashok Kumar
23%
1963 Rakhi Ashok Kumar
23%
1966 Khandan Sunil Dutt
23%
1964 Mujhe Jeene Do Sunil Dutt
23%
1973 Be-Imaan Manoj Kumar
22%
1985 Saaransh Anupam Kher
17%
1986 Saagar Kamal Hassan
16%
1955 Shri Chaitanya Mahaprabhu Bharat Bhushan
8%
No matching quizzes found
Score Distribution
Percent of People with Each Score
Percentile by Number Answered
Your Score History
You have not taken this quiz since the last reset